000
00239nam a2200097Ia 4500
001
689932
005
20250826161806.0
008
250824s9999 xx 000 0 und d
245
0
_a
DAVID BALDACCI
_c
TIMES BESTSELLER
260
_b
MARTI YAYINLARI
999
_c
689932
_d
689932